Statistics for Designated Cities of Japan

Click here to take the quiz!

General Stats

  • This quiz has been taken 59 times
  • The average score is 13 of 20

Answer Stats

RegionCity% Correct
KansaiOsaka
96%
KansaiKyoto
93%
HokkaidōSapporo
93%
ChūbuNagoya
91%
ChūgokuHiroshima
85%
KansaiKobe
78%
KantōYokohama
78%
KyushuFukuoka
76%
TōhokuSendai
72%
KantōChiba
61%
KyushuKitakyushu
57%
KantōSaitama
57%
KantōKawasaki
54%
KyushuKumamoto
54%
ChūgokuOkayama
54%
ChūbuHamamatsu
50%
ChūbuShizuoka
50%
KansaiSakai
48%
ChūbuNiigata
41%
KantōSagamihara
37%

Score Distribution

Percentile by Number Answered

Percent of People with Each Score

Your Score History

You have not taken this quiz